000 00937naa a22003017a 4500
001 BR8804143
003 BR-BrBNA
005 20240918180158.0
007 ta
008 230509b bl.||||| |||| 00| 0 por d
040 _aBR-BrBNA
_bpor
_cBiblioteca Nacional de Agricultura
041 _a(Pt)
072 _aF62
090 _aF62 BR8804143
100 1 _aRodrigues, F.C.M.P.
100 1 _aVieira, J.D.
245 1 _aTeste de germinacao
246 1 _a[Germination test]
246 1 _a[Handbook for forest seed analysis]
260 3 _aCampinas, SP (Brasil):
_c1988.
500 _aManual de analise de sementes florestais Campinas, SP (Brasil): 1988. p. 70-90 (BR8804143-AM)F62
650 _aSEMENTE
650 _aGERMINACAO
650 _aANALISE
773 0 _tManual de analise de sementes florestais
_wF62 BR8804143
_gCampinas, SP (Brasil), 1988. p. 70-90
909 _a202404
_bLucia
_c55
_dLucia Elande
942 _cAM
_2AGRIS
999 _c319419
_d319419